000 00493nam a22001697a 4500
005 20251108164921.0
008 250721s1970 xx 000 0 ara d
082 1 4 _a212/مصط
100 1 _aمحمود، مصطفى
245 1 0 _aالقرآن :
_bمحاوله لفهم عصري للقرآن /
264 1 _aبيروت :
_bدار الشروق،
_c1970.
300 _a303ص
650 1 7 _aالقرآن الكريم
650 1 7 _aتفسير القرآن
942 _2ddc
_cBK
999 _c17380
_d17380